A MOL-csoport Fenntartható Fejlődés stratégiájának vizsgálata a 2030 Enter Tomorrow stratégia tükrében.

Bibliográfiai részletek
Szerző: Simon Zsuzsa
További közreműködők: Győri Dr. Zsuzsanna
Dokumentumtípus: Diplomadolgozat
Kulcsszavak:Fenntartható fejlődés
CSR, vállalati társadalmi felelősségvállalás
2030 Enter Tomorrow
Online Access:http://dolgozattar.uni-bge.hu/12109

MARC

LEADER 00000nta a2200000 i 4500
001 dolg12109
005 20170517160350.0
008 170517suuuu hu om 000 hun d
040 |a BGE Dolgozattár Repozitórium  |b hun 
041 |a hu 
100 1 |a Simon Zsuzsa 
245 1 2 |a A MOL-csoport Fenntartható Fejlődés stratégiájának vizsgálata a 2030 Enter Tomorrow stratégia tükrében.  |c Simon Zsuzsa  |h [elektronikus dokumentum] 
246 1 1 |a A MOL-csoport Fenntartható Fejlődés stratégiájának vizsgálata a 2030 Enter Tomorrow stratégia tükrében. 
695 |a Fenntartható fejlődés 
695 |a CSR, vállalati társadalmi felelősségvállalás 
695 |a 2030 Enter Tomorrow 
700 1 |a Győri Dr. Zsuzsanna  |e ths 
856 4 0 |u http://dolgozattar.uni-bge.hu/12109/1/Simon_Zsuzsa_szakdolgozat.pdf  |z Dokumentum-elérés